| 000 | 00727cam a22002531 4500 | ||
|---|---|---|---|
| 001 | 16992 | ||
| 003 | BD-RjUL | ||
| 005 | 20211209000055.0 | ||
| 008 | 140216s1961 enk 000 0 eng | ||
| 035 | _a(BD-RjUL)17049 | ||
| 035 | _a(OCoLC)327760 | ||
| 040 |
_aDLC _cOTifH _dDLC _dBD-RjUL _beng |
||
| 041 | _aeng | ||
| 082 | 0 | 4 |
_a813.5 _bJAR 1961 |
| 100 | 1 |
_aJames, Henry, _d1843-1916. _952429 |
|
| 245 | 1 | 0 |
_aRoderick Hudson / _cHenry James, Introd. by Leon Edel. |
| 260 |
_aNew York : _bHarper, _c1961. |
||
| 300 |
_axvii, 334 p. ; _c21 cm. |
||
| 490 | 0 |
_aHarper torchbooks. The academy library, _vTB1016 |
|
| 650 | 0 |
_aRome (Italy) _vFiction. _952430 |
|
| 942 |
_2ddc _cBK |
||
| 999 |
_c16992 _d16992 |
||